OBX Character Quiz! - Statistics

General Stats
  • This quiz has been taken 286 times
  • The average score is 12 of 16
Answer Stats
Picture Answer % Correct
JJ
99%
Big John
98%
Sarah
98%
John B
97%
Pope
97%
Rafe
96%
Topper
95%
Ward
90%
Cleo
87%
Kie
87%
Sofia
60%
Groff
54%
Singh
41%
Terrance
38%
Anna
32%
Limbery
12%
No matching quizzes found
Score Distribution
Percent of People with Each Score
Percentile by Number Answered
Your Score History
You have not taken this quiz